Sister magic : (Record no. 341285)
[ view plain ]
| 000 -LEADER | |
|---|---|
| fixed length control field | 00535nam a2200217Ia 4500 |
| 008 - FIXED-LENGTH DATA ELEMENTS--GENERAL INFORMATION | |
| fixed length control field | 170918s9999 xx 000 0 und d |
| 020 ## - INTERNATIONAL STANDARD BOOK NUMBER | |
| International Standard Book Number | 9780439872485 |
| 050 ## - LIBRARY OF CONGRESS CALL NUMBER | |
| Item number | M476 2007 |
| 100 ## - MAIN ENTRY--PERSONAL NAME | |
| Personal name | Mazer, Anne |
| 245 ## - TITLE STATEMENT | |
| Title | Sister magic : |
| 245 ## - TITLE STATEMENT | |
| Remainder of title | Mabel makes the grade / |
| 245 ## - TITLE STATEMENT | |
| Statement of responsibility, etc | Anne Mazer ; illustrated by Bill Brown. |
| 260 ## - PUBLICATION, DISTRIBUTION, ETC. (IMPRINT) | |
| Place of publication, distribution, etc | New York : |
| 260 ## - PUBLICATION, DISTRIBUTION, ETC. (IMPRINT) | |
| Name of publisher, distributor, etc | Scholastic, |
| 260 ## - PUBLICATION, DISTRIBUTION, ETC. (IMPRINT) | |
| Date of publication, distribution, etc | 2007 |
| 300 ## - PHYSICAL DESCRIPTION | |
| Extent | 93 pages : |
| 300 ## - PHYSICAL DESCRIPTION | |
| Other physical details | colored illustration ; |
| 300 ## - PHYSICAL DESCRIPTION | |
| Dimensions | 19cm. |
| 440 ## - SERIES STATEMENT/ADDED ENTRY--TITLE | |
| Title | Little apple. |
| 500 ## - GENERAL NOTE | |
| General note | 370 |
| Withdrawn status | Lost status | Damaged status | Home library | Current library | Date acquired | Total Checkouts | Full call number | Barcode | Date last seen | Price effective from | Koha item type |
|---|---|---|---|---|---|---|---|---|---|---|---|
| Stonyhurst Southville International School (Malarayat) | Stonyhurst Southville International School (Malarayat) | 09/18/2017 | LEX M476 2007 | SSISM0357 | 09/18/2017 | 09/18/2017 | Lexile |